| 000 | 00422nam a2200145Ia 4500 | ||
|---|---|---|---|
| 008 | 230917s9999||||xx |||||||||||||| ||und|| | ||
| 040 |
_e247098 _aMAIN |
||
| 041 | _aEnglish | ||
| 082 | _a346.04 C361R | ||
| 100 | _aHarish Chander | ||
| 245 | 0 | _aRight to property against land acquisition under land acquisition, rehabilitation and resettlement act 2013: A analysis | |
| 260 | _c2017 | ||
| 300 | _a113 p. | ||
| 942 | _cTH | ||
| 999 |
_c127840 _d127840 |
||